Disney Character Anagrams - Statistics

General Stats
  • This quiz has been taken 5,676 times
  • The average score is 12 of 15
Answer Stats
Movie Hint Answer % Correct
Aladdin BAU Abu
97%
Snow White and the Seven Dwarfs YOEPD Dopey
92%
Pocahontas HONJ MITHS John Smith
91%
Sleeping Beauty RAROUA Aurora
89%
Alice in Wonderland DMA TARETH Mad Hatter
86%
101 Dalmatians GNOOP Pongo
86%
The Little Mermaid DOLUNREF Flounder
84%
Bambi RUTHMEP Thumper
84%
Pinocchio MIYNIJ TERCIKC Jiminy Cricket
81%
The Lion King FRIKAI Rafiki
78%
Beauty and the Beast TANGOS Gaston
77%
Jungle Book REESH HANK Shere Khan
70%
Dumbo MOTHYIT Timothy
67%
Tangled THEGLO Gothel
61%
The Princess and the Frog VENANE Prince Naveen
54%
No matching quizzes found
Score Distribution
Percent of People with Each Score
Percentile by Number Answered
Your Score History
You have not taken this quiz